00437nam a2200169Ia 4500008004100000041001200041082001600053100001800069245004000087365000900127520001300136546001200149630004000161650001300201655001300214730004000227101110s9999 xx 000 0 und d aENGLISH bSR4218a657 aBatliboi J.R. aPrinciples and Practice of Auditing b13.5 aCommerce aENGLISH aPrinciples and Practice of Auditing aCommerce aCommerce aPrinciples and Practice of Auditing